000 01055cam a2200217 i 4500
005 20251210093557.0
008 250721s2009 jo gr 000 0 ara d
082 1 4 _a216.32
_bو ه د
100 1 _aوهدان، أحمد حسين عبد الرحمن
_eمؤلف.
245 1 0 _aأحكام البيوع :
_bالمتعامل بها في أسواق الجملة للخضار و تكييفها الفقهي : دراسة فقهية معاصرة /
_cتاليف احمد حسين عبدالرحمن وهدان ؛ تقديم فضيلة الشيخ مشهور بن حسن آل سلمان، فضيلة الشيخ سمير مراد.
250 _aالطبعة الاولى.
264 3 1 _aعمان :
_bالدار الأثرية،
_c2009.
300 _a235صفحة.
650 1 7 _aالفقه الاسلامي.
650 1 7 _aالبيوع.
650 1 7 _aالمعاملات ( فقه اسلامي).
700 1 _aآل سلمان، مشهور بن حسن
_eمقدم
700 1 _aمراد، سمير
_eمقدم.
942 _2ddc
_cBK
999 _c18737
_d18737